Capital Cities that Start with A - Statistics

General Stats
  • This quiz has been taken 224 times
  • The average score is 13 of 16
Answer Stats
Answer % Correct
Ankara
88%
Athens
86%
Amsterdam
85%
Accra
82%
Addis Ababa
81%
Amman
80%
Andorra la Vella
80%
Astana
80%
Algiers
79%
Abuja
78%
Antananarivo
78%
Abu Dhabi
75%
Asunción
75%
Apia
72%
Ashgabat
70%
Asmara
66%
No matching quizzes found
Score Distribution
Percent of People with Each Score
Percentile by Number Answered
Your Score History
You have not taken this quiz